| 000 | 00870nam a2200229 i 4500 | ||
|---|---|---|---|
| 001 | 19897 | ||
| 003 | ES-MaACL | ||
| 005 | 20260127062523.0 | ||
| 007 | t| | ||
| 008 | 021025s1920 sp ||||1| spa d | ||
| 100 | 1 |
_aRoyo Villanova, Antonio, _d1869-1958 _9100235 |
|
| 245 | 1 | 0 |
_aBolchevismo y sindicalismo _b: conferencia... sesión del día 20 de diciembre de 1919 / _cAntonio Royo Villanova. |
| 260 |
_aMadrid : _bReus, _c1920. |
||
| 300 |
_a62 p. ; _c19 cm. |
||
| 490 | 1 |
_aPublicaciones de la Real Academia de Jurisprudencia y Legislación ; _v8 |
|
| 650 | 7 |
_aComunismo _2embne _911211 |
|
| 650 | 1 | 4 |
_aSindicalismo _917110 |
| 700 |
_aReal Academia de Jurisprudencia y Legislación de España _9217612 |
||
| 830 | 0 |
_aPublicaciones de la Real Academia de Jurisprudencia y Legislación ; _v8 _9180630 |
|
| 852 |
_aES-MaACL _jL-5179 |
||
| 999 |
_c19897 _d19897 |
||